[Event "Mitropa Cup 30th"]
[Site "Merlimont"]
[Date "2011.10.11"]
[Round "4"]
[White "Schachinger, Mario"]
[Black "Stephan, Victor"]
[Result "1/2-1/2"]
[WhiteElo "2386"]
[BlackElo "2302"]
[PlyCount "89"]
[EventDate "2011.10.08"]
[EventType "team-tourn"]
[EventRounds "9"]
[EventCountry "FRA"]
[Source "ChessBase"]
[SourceDate "2011.10.28"]
[WhiteTeam "Austria"]
[BlackTeam "France III"]
[WhiteTeamCountry "AUT"]
[BlackTeamCountry "FRA"]

1. Nf3 Nf6 2. c4 c5 3. Nc3 Nc6 4. g3 g6 5. Bg2 Bg7 6. O-O O-O 7. d4 cxd4 8.
Nxd4 Nxd4 9. Qxd4 d6 10. Qd3 a6 11. Be3 Ng4 12. Bd4 Ne5 13. Qe4 Bf5 14. Qf4 Rc8
15. b3 Nc6 16. Bxg7 Kxg7 17. Rfd1 Qa5 18. Qd2 Be6 19. Nd5 Qxd2 20. Rxd2 Bxd5
21. Bxd5 Rfd8 22. Rc1 b6 23. f4 a5 24. Bxc6 Rxc6 25. a4 Rdc8 26. Kf2 Rc5 27.
Rcd1 Kf6 28. Rd5 Rxd5 29. Rxd5 Rc5 30. e4 Ke6 31. Ke3 h5 32. Rd2 f6 33. h3 Kd7
34. g4 e6 35. Rg2 h4 36. g5 f5 37. exf5 exf5 38. Kd4 Rc8 39. Re2 Re8 40. Rxe8
Kxe8 41. Kd3 Kd7 42. Kc3 Kc7 43. Kd3 Kd7 44. Kc3 Kc7 45. Kd3 1/2-1/2

[Event "Mitropa Cup 30th"]
[Site "Merlimont"]
[Date "2011.10.11"]
[Round "4"]
[White "Gallagher, Joseph G"]
[Black "Kanovsky, David"]
[Result "1/2-1/2"]
[WhiteElo "2510"]
[BlackElo "2462"]
[PlyCount "98"]
[EventDate "2011.10.08"]
[EventType "team-tourn"]
[EventRounds "9"]
[EventCountry "FRA"]
[Source "ChessBase"]
[SourceDate "2011.10.28"]
[WhiteTeam "Switzerland"]
[BlackTeam "Czech Republic"]
[WhiteTeamCountry "SUI"]
[BlackTeamCountry "CZE"]

1. e4 c5 2. Nf3 d6 3. d4 cxd4 4. Nxd4 Nf6 5. Nc3 g6 6. Be3 Bg7 7. f3 O-O 8. Qd2
Nc6 9. Bc4 Bd7 10. Bb3 Nxd4 11. Bxd4 b5 12. a4 bxa4 13. Nxa4 Be6 14. Bxe6 fxe6
15. O-O Qc7 16. Nc3 a5 17. Ra2 Rfc8 18. Rc1 Qb7 19. Ne2 a4 20. Rca1 Nd7 21.
Bxg7 Kxg7 22. c3 Nc5 23. Qe3 Ra6 24. h4 Rb6 25. Rb1 e5 26. h5 Qd7 27. h6+ Kg8
28. Nc1 Qe6 29. Ra3 Qc4 30. Na2 Rcb8 31. Nb4 Rxb4 32. cxb4 Rxb4 33. Qg5 Kf7 34.
Kh2 Qc2 35. Qc1 Qxc1 36. Rxc1 Rxb2 37. Rc4 g5 38. Raxa4 Nxa4 39. Rxa4 Rb7 40.
Ra8 Kg6 41. Rg8+ Kxh6 42. Kg3 Rb2 43. Re8 Kg6 44. Rxe7 Rd2 45. Re6+ Kf7 46. Rh6
Kg7 47. Re6 h5 48. Kh3 Rd1 49. Kg3 Rd2 1/2-1/2

[Event "Mitropa Cup 30th"]
[Site "Merlimont"]
[Date "2011.10.11"]
[Round "4"]
[White "Krejci, Jan1"]
[Black "Zueger, Beat"]
[Result "1-0"]
[WhiteElo "2489"]
[BlackElo "2426"]
[PlyCount "90"]
[EventDate "2011.10.08"]
[EventType "team-tourn"]
[EventRounds "9"]
[EventCountry "FRA"]
[Source "ChessBase"]
[SourceDate "2011.10.28"]
[WhiteTeam "Czech Republic"]
[BlackTeam "Switzerland"]
[WhiteTeamCountry "CZE"]
[BlackTeamCountry "SUI"]

1. e4 c5 2. Nf3 e6 3. d4 cxd4 4. Nxd4 a6 5. Nc3 b5 6. Bd3 Bb7 7. O-O Nc6 8.
Nxc6 Bxc6 9. Re1 Ne7 10. a4 b4 11. Ne2 Ng6 12. Nd4 Bb7 13. Qh5 Qc7 14. e5 Bc5
15. Nb3 Ba7 16. a5 O-O 17. Ra4 Qc6 18. Be4 Qxa4 19. Bxb7 Rab8 20. Bxa6 f6 21.
Bd3 Qc6 22. Be3 Bxe3 23. Rxe3 Qxg2+ 24. Kxg2 Nf4+ 25. Kf1 Nxh5 26. Nc5 Rfd8 27.
Be4 fxe5 28. a6 d5 29. Nxe6 dxe4 30. a7 Ra8 31. Nxd8 Rxd8 32. Rxe4 Ra8 33. Rxe5
Nf6 34. Re7 h5 35. Rb7 Kh7 36. Ke2 Kg6 37. Kd3 Ng4 38. h4 Kf6 39. f4 Kf5 40.
Rxg7 Kxf4 41. Kc4 Ne5+ 42. Kb5 Rc8 43. Rc7 Rxc7 44. a8=Q Rxc2 45. Qf8+ Kg3 1-0

[Event "Mitropa Cup 30th"]
[Site "Merlimont"]
[Date "2011.10.11"]
[Round "4"]
[White "Schiendorfer, Emanuel"]
[Black "Zilka, Stepan"]
[Result "1-0"]
[WhiteElo "2340"]
[BlackElo "2517"]
[PlyCount "113"]
[EventDate "2011.10.08"]
[EventType "team-tourn"]
[EventRounds "9"]
[EventCountry "FRA"]
[Source "ChessBase"]
[SourceDate "2011.10.28"]
[WhiteTeam "Switzerland"]
[BlackTeam "Czech Republic"]
[WhiteTeamCountry "SUI"]
[BlackTeamCountry "CZE"]

1. d4 d5 2. c4 c6 3. Nc3 Nf6 4. Nf3 e6 5. Bg5 h6 6. Bxf6 Qxf6 7. e3 Nd7 8. Bd3
dxc4 9. Bxc4 g6 10. O-O Bg7 11. Re1 O-O 12. e4 Qe7 13. e5 Rd8 14. Bd3 b6 15.
Qe2 a6 16. h4 Bb7 17. Be4 Ra7 18. Rad1 Ba8 19. h5 g5 20. a3 b5 21. Qe3 Nb6 22.
Bd3 Rad7 23. Ne4 Rd5 24. Nc3 R5d7 25. Ne4 Rd5 26. g4 Na4 27. b4 a5 28. Nc5 Nxc5
29. bxc5 a4 30. Be4 R5d7 31. Bc2 Bb7 32. Qe4 Kf8 33. Nh2 Rd5 34. Nf3 Ba6 35.
Qe3 Qc7 36. Rb1 Bc8 37. Be4 R5d7 38. Rbc1 Ke8 39. Bb1 Qa5 40. Be4 Bb7 41. Rb1
Bf8 42. Rb4 Qa7 43. Bb1 Rd5 44. Rc1 Bc8 45. Ba2 Qd7 46. Re1 Bxc5 47. dxc5 Rd3
48. Qe4 Bb7 49. Re3 Rd1+ 50. Kg2 Qe7 51. Qc2 R8d7 52. Rb1 Rxb1 53. Bxb1 Rd5 54.
Rc3 b4 55. axb4 Ba6 56. Ba2 Qd7 57. Bxd5 1-0

[Event "Mitropa Cup 30th"]
[Site "Merlimont"]
[Date "2011.10.11"]
[Round "4"]
[White "Barbot, Pierre"]
[Black "Houriez, Clement"]
[Result "1/2-1/2"]
[WhiteElo "2225"]
[BlackElo "2331"]
[PlyCount "28"]
[EventDate "2011.10.08"]
[EventType "team-tourn"]
[EventRounds "9"]
[EventCountry "FRA"]
[Source "ChessBase"]
[SourceDate "2011.10.28"]
[WhiteTeam "France III"]
[BlackTeam "France"]
[WhiteTeamCountry "FRA"]
[BlackTeamCountry "FRA"]

1. e4 c5 2. Nf3 d6 3. d4 Nf6 4. Nc3 cxd4 5. Nxd4 a6 6. Be3 e5 7. Nb3 Be6 8. Qd2
Nbd7 9. O-O-O Be7 10. f4 Rc8 11. f5 Bc4 12. g4 Nxg4 13. Rg1 Nxe3 14. Qxe3 g6
1/2-1/2

[Event "Mitropa Cup 30th"]
[Site "Merlimont"]
[Date "2011.10.11"]
[Round "4"]
[White "Brunner, Nicolas"]
[Black "Tripoteau, Nicolas"]
[Result "0-1"]
[WhiteElo "2466"]
[BlackElo "2397"]
[PlyCount "60"]
[EventDate "2011.10.08"]
[EventType "team-tourn"]
[EventRounds "9"]
[EventCountry "FRA"]
[Source "ChessBase"]
[SourceDate "2011.10.28"]
[WhiteTeam "France"]
[BlackTeam "France III"]
[WhiteTeamCountry "FRA"]
[BlackTeamCountry "FRA"]

1. d4 Nf6 2. c4 c5 3. d5 d6 4. Nc3 g6 5. e4 Bg7 6. Bd3 O-O 7. h3 e6 8. Nf3 exd5
9. exd5 Re8+ 10. Be3 Nh5 11. O-O Nd7 12. Qd2 Ne5 13. Nxe5 Bxe5 14. Rae1 f5 15.
Bg5 Qb6 16. g3 Bd7 17. Kg2 Qc7 18. Rb1 Rf8 19. a3 f4 20. g4 f3+ 21. Kh1 Nf4 22.
Bxf4 Bxf4 23. Qd1 Bxg4 24. Rg1 Bh5 25. Ne4 Qe7 26. Ng3 Qh4 27. Kh2 Rae8 28. b4
Bg4 29. Qf1 Re5 30. bxc5 Rh5 0-1

[Event "Mitropa Cup 30th"]
[Site "Merlimont"]
[Date "2011.10.11"]
[Round "4"]
[White "Collas, Didier"]
[Black "Stephan, Victor"]
[Result "1/2-1/2"]
[WhiteElo "2403"]
[BlackElo "2302"]
[PlyCount "96"]
[EventDate "2011.10.08"]
[EventType "team-tourn"]
[EventRounds "9"]
[EventCountry "FRA"]
[Source "ChessBase"]
[SourceDate "2011.10.28"]
[WhiteTeam "France"]
[BlackTeam "France III"]
[WhiteTeamCountry "FRA"]
[BlackTeamCountry "FRA"]

1. c4 Nf6 2. Nc3 c5 3. Nf3 Nc6 4. d4 cxd4 5. Nxd4 g6 6. e4 Nxd4 7. Qxd4 d6 8.
Bg5 Bg7 9. Qd2 O-O 10. f3 Be6 11. Rc1 Qa5 12. b3 Rfc8 13. Be2 a6 14. Na4 Qxd2+
15. Kxd2 Rc6 16. Nc3 Rac8 17. Nd5 Bxd5 18. cxd5 Rxc1 19. Rxc1 Rxc1 20. Kxc1 Kf8
21. Kc2 Nd7 22. Be3 Ke8 23. b4 Kd8 24. g4 Kc7 25. g5 Be5 26. f4 Bg7 27. h4 h6
28. a4 hxg5 29. hxg5 f6 30. Bd4 Bf8 31. Bg4 fxg5 32. fxg5 Ne5 33. Bxe5 dxe5 34.
Be6 b5 35. Kb3 Kd8 36. Bg4 Kc7 37. Be6 Kd8 38. Kc3 Kc7 39. axb5 axb5 40. Kd3
Kd8 41. Ke3 Kc7 42. Kf3 Kd8 43. Kg3 Ke8 44. Kg4 Kd8 45. Bf7 e6 46. Bxg6 Bxb4
47. dxe6 Bd2 48. Kf5 Ke7 1/2-1/2

[Event "Mitropa Cup 30th"]
[Site "Merlimont"]
[Date "2011.10.11"]
[Round "4"]
[White "Collas, Silvia"]
[Black "Mazur, Stefan"]
[Result "0-1"]
[WhiteElo "2321"]
[BlackElo "2372"]
[PlyCount "68"]
[EventDate "2011.10.08"]
[EventType "team-tourn"]
[EventRounds "9"]
[EventCountry "FRA"]
[Source "ChessBase"]
[SourceDate "2011.10.28"]
[WhiteTeam "France II"]
[BlackTeam "Slovakia"]
[WhiteTeamCountry "FRA"]
[BlackTeamCountry "SVK"]

1. d4 Nf6 2. c4 g6 3. g3 Bg7 4. Bg2 O-O 5. Nc3 d6 6. Nf3 a6 7. O-O Nc6 8. Qd3
Bd7 9. d5 Nb4 10. Qd1 a5 11. e4 Bg4 12. Be3 Nd7 13. Qd2 Bxf3 14. Bxf3 c6 15.
dxc6 bxc6 16. Be2 Nc5 17. f4 a4 18. e5 Nba6 19. exd6 Qxd6 20. Rfd1 Qxd2 21.
Rxd2 a3 22. Rc1 axb2 23. Rxb2 Ne4 24. Bd2 Bd4+ 25. Kf1 Nxd2+ 26. Rxd2 Be3 27.
Rcd1 Bxd2 28. Rxd2 Nc5 29. Bf3 Ra3 30. Rc2 Ne6 31. Bg2 Nd4 32. Rc1 Rb8 33. c5
Rb2 34. g4 Rc2 0-1

[Event "Mitropa Cup 30th"]
[Site "Merlimont"]
[Date "2011.10.11"]
[Round "4"]
[White "Pacher, Milan"]
[Black "Milliet, Sophie"]
[Result "1/2-1/2"]
[WhiteElo "2403"]
[BlackElo "2374"]
[PlyCount "102"]
[EventDate "2011.10.08"]
[EventType "team-tourn"]
[EventRounds "9"]
[EventCountry "FRA"]
[Source "ChessBase"]
[SourceDate "2011.10.28"]
[WhiteTeam "Slovakia"]
[BlackTeam "France II"]
[WhiteTeamCountry "SVK"]
[BlackTeamCountry "FRA"]

1. c4 Nf6 2. g3 c6 3. Bg2 e5 4. d4 exd4 5. Qxd4 d5 6. Nf3 Be6 7. O-O dxc4 8.
Qxd8+ Kxd8 9. Ng5 Nbd7 10. Nxe6+ fxe6 11. Bh3 e5 12. Nd2 b5 13. Nf3 Bd6 14. Nh4
g6 15. f4 exf4 16. Bxf4 Bxf4 17. gxf4 Re8 18. Rae1 Kc7 19. Bg2 Re3 20. f5 Rae8
21. fxg6 hxg6 22. Nxg6 Rxe2 23. Rxe2 Rxe2 24. Rf2 Re1+ 25. Bf1 Ra1 26. h4 Rxa2
27. Nf4 c3 28. bxc3 Rxf2 29. Kxf2 Ne4+ 30. Ke3 Nxc3 31. h5 Kd6 32. h6 Nf6 33.
Bd3 c5 34. h7 Nxh7 35. Bxh7 Nd5+ 36. Nxd5 Kxd5 37. Bg8+ Kc6 38. Kd3 Kb6 39. Kc3
a5 40. Kb3 Kc6 41. Bf7 Kd6 42. Kc3 a4 43. Be8 b4+ 44. Kd3 a3 45. Bf7 Kc6 46.
Kc2 Kb5 47. Kb3 Kb6 48. Kc2 Kc6 49. Kb3 Kd6 50. Kc2 Ke5 51. Kd3 Kd6 1/2-1/2

[Event "Mitropa Cup 30th"]
[Site "Merlimont"]
[Date "2011.10.11"]
[Round "4"]
[White "Petenyi, Tamas"]
[Black "Choisy, Mathilde"]
[Result "1/2-1/2"]
[WhiteElo "2347"]
[BlackElo "2203"]
[PlyCount "84"]
[EventDate "2011.10.08"]
[EventType "team-tourn"]
[EventRounds "9"]
[EventCountry "FRA"]
[Source "ChessBase"]
[SourceDate "2011.10.28"]
[WhiteTeam "Slovakia"]
[BlackTeam "France II"]
[WhiteTeamCountry "SVK"]
[BlackTeamCountry "FRA"]

1. e4 c5 2. Nf3 e6 3. d4 cxd4 4. Nxd4 Nf6 5. Nc3 Nc6 6. Nxc6 bxc6 7. e5 Nd5 8.
Ne4 Qc7 9. f4 Qb6 10. c4 Bb4+ 11. Ke2 f5 12. exf6 Nxf6 13. Be3 Qb8 14. Nxf6+
gxf6 15. Kf2 Bd6 16. Qd2 Qb4 17. Qxb4 Bxb4 18. c5 Ba5 19. Bc4 Bc7 20. Rad1 Ke7
21. Rd3 a5 22. Rhd1 Rd8 23. Bd4 Bxf4 24. Rf3 Bg5 25. g3 Rf8 26. Bc3 Ba6 27. Bb3
a4 28. Bxa4 Bc4 29. Bb3 Bxb3 30. axb3 Bh6 31. Rd4 Bg7 32. Rfd3 Ra7 33. Rh4 h6
34. Rg4 Kf7 35. b4 Rg8 36. Rgd4 Ke7 37. Rh4 Kf7 38. Ke2 Rb7 39. Rhd4 Ke7 40.
Rg4 Kf7 41. Rgd4 Ke7 42. Rg4 Kf7 1/2-1/2

[Event "Mitropa Cup 30th"]
[Site "Merlimont"]
[Date "2011.10.11"]
[Round "4"]
[White "Heimann, Andreas"]
[Black "Bokros, Albert"]
[Result "1-0"]
[WhiteElo "2485"]
[BlackElo "2452"]
[PlyCount "75"]
[EventDate "2011.10.08"]
[EventType "team-tourn"]
[EventRounds "9"]
[EventCountry "FRA"]
[Source "ChessBase"]
[SourceDate "2011.10.28"]
[WhiteTeam "Germany"]
[BlackTeam "Hungary"]
[WhiteTeamCountry "GER"]
[BlackTeamCountry "HUN"]

1. e4 c5 2. Nf3 e6 3. d4 cxd4 4. Nxd4 Nf6 5. Nc3 d6 6. g4 h6 7. h4 Nc6 8. Rg1
h5 9. gxh5 Nxh5 10. Bg5 Nf6 11. Rg3 a6 12. Nxc6 bxc6 13. Qf3 Be7 14. O-O-O Qc7
15. e5 dxe5 16. Ne4 Nxe4 17. Qxe4 Bb7 18. Bxe7 Kxe7 19. Rxg7 Rad8 20. Rxd8 Kxd8
21. Bc4 c5 22. Qd3+ Ke7 23. Qg6 Kf8 24. Bxe6 fxg6 25. Rxc7 Be4 26. Rxc5 Rxh4
27. Rxe5 Kg7 28. Bd5 Bf5 29. c4 Kf6 30. Re2 a5 31. b3 g5 32. f3 Rh1+ 33. Kd2
Ra1 34. Kc3 Rc1+ 35. Kd4 Rd1+ 36. Kc5 Bd3 37. Re6+ Kf5 38. Ra6 1-0

[Event "Mitropa Cup 30th"]
[Site "Merlimont"]
[Date "2011.10.11"]
[Round "4"]
[White "Horvath, Peter"]
[Black "Bluebaum, Matthias"]
[Result "0-1"]
[WhiteElo "2450"]
[BlackElo "2388"]
[PlyCount "58"]
[EventDate "2011.10.08"]
[EventType "team-tourn"]
[EventRounds "9"]
[EventCountry "FRA"]
[Source "ChessBase"]
[SourceDate "2011.10.28"]
[WhiteTeam "Hungary"]
[BlackTeam "Germany"]
[WhiteTeamCountry "HUN"]
[BlackTeamCountry "GER"]

1. d4 d5 2. c4 c6 3. Nf3 Nf6 4. Nc3 dxc4 5. a4 Bf5 6. Nh4 e6 7. Nxf5 exf5 8. e3
Bb4 9. Bxc4 O-O 10. O-O Nbd7 11. Qc2 g6 12. Bd2 Rc8 13. Ne4 Bxd2 14. Nxf6+ Nxf6
15. Qxd2 c5 16. Rfd1 Ne4 17. Qe2 Qf6 18. dxc5 Rxc5 19. Rd7 Nxf2 20. Rc1 Ne4 21.
Rxb7 a5 22. b3 Re5 23. Qb2 Nd6 24. Rb6 Qe7 25. Bf1 Rd5 26. Qe2 Ne4 27. Rc2 Rfd8
28. Qc4 Nd2 29. Qc7 Qxe3+ 0-1

[Event "Mitropa Cup 30th"]
[Site "Merlimont"]
[Date "2011.10.11"]
[Round "4"]
[White "Huschenbeth, Niclas"]
[Black "Rapport, Richard"]
[Result "1/2-1/2"]
[WhiteElo "2510"]
[BlackElo "2547"]
[PlyCount "46"]
[EventDate "2011.10.08"]
[EventType "team-tourn"]
[EventRounds "9"]
[EventCountry "FRA"]
[Source "ChessBase"]
[SourceDate "2011.10.28"]
[WhiteTeam "Germany"]
[BlackTeam "Hungary"]
[WhiteTeamCountry "GER"]
[BlackTeamCountry "HUN"]

1. e4 c5 2. Nf3 d6 3. d4 cxd4 4. Nxd4 Nf6 5. Nc3 Nc6 6. Bg5 e6 7. Qd2 a6 8.
O-O-O Bd7 9. f4 b5 10. Bxf6 gxf6 11. Kb1 Qb6 12. Nxc6 Bxc6 13. f5 Qc5 14. Bd3
h5 15. e5 Bh6 16. Qe1 Qxe5 17. fxe6 fxe6 18. Qh4 Kf7 19. Rde1 Qg5 20. Qf2 d5
21. Rhf1 h4 22. Qc5 Bd7 23. Qd6 Rhd8 1/2-1/2

[Event "Mitropa Cup 30th"]
[Site "Merlimont"]
[Date "2011.10.11"]
[Round "4"]
[White "Prohaszka, Peter"]
[Black "Prusikin, Michael"]
[Result "1-0"]
[WhiteElo "2553"]
[BlackElo "2541"]
[PlyCount "101"]
[EventDate "2011.10.08"]
[EventType "team-tourn"]
[EventRounds "9"]
[EventCountry "FRA"]
[Source "ChessBase"]
[SourceDate "2011.10.28"]
[WhiteTeam "Hungary"]
[BlackTeam "Germany"]
[WhiteTeamCountry "HUN"]
[BlackTeamCountry "GER"]

1. d4 d5 2. c4 e6 3. Nf3 Nf6 4. g3 Bb4+ 5. Bd2 Bd6 6. Bg2 c6 7. O-O Nbd7 8. b3
Ne4 9. Bf4 Bxf4 10. gxf4 h6 11. Ne5 Qh4 12. e3 Nxe5 13. fxe5 f5 14. f3 Ng5 15.
Qe1 Qxe1 16. Rxe1 b6 17. Nd2 Bb7 18. Rac1 Kd7 19. Kf2 Nf7 20. Nf1 a5 21. Ng3 a4
22. cxd5 cxd5 23. b4 Ba6 24. e4 dxe4 25. fxe4 fxe4 26. Bxe4 Rac8 27. Nh5 g5 28.
Nf6+ Ke7 29. Bc6 Rc7 30. d5 Nxe5 31. Rxe5 Kxf6 32. Rxe6+ Kf5 33. Rce1 Bc8 34.
R6e5+ Kf6 35. b5 Rd8 36. Re8 Rd6 37. Rf8+ Kg7 38. Rf3 Bg4 39. Ra3 Bh5 40. Rxa4
Bf7 41. Rd4 Kf6 42. a4 Ra7 43. Kg3 Ra5 44. Re3 Ra7 45. Kf2 Bg6 46. Ke2 Bc2 47.
Ra3 Ke5 48. Rc4 Bf5 49. a5 Rxa5 50. Rxa5 bxa5 51. b6 1-0

[Event "Mitropa Cup 30th"]
[Site "Merlimont"]
[Date "2011.10.12"]
[Round "5"]
[White "Diermair, Andreas"]
[Black "Zueger, Beat"]
[Result "1/2-1/2"]
[WhiteElo "2414"]
[BlackElo "2426"]
[PlyCount "41"]
[EventDate "2011.10.08"]
[EventType "team-tourn"]
[EventRounds "9"]
[EventCountry "FRA"]
[Source "ChessBase"]
[SourceDate "2011.10.28"]
[WhiteTeam "Austria"]
[BlackTeam "Switzerland"]
[WhiteTeamCountry "AUT"]
[BlackTeamCountry "SUI"]

1. Nf3 Nf6 2. c4 g6 3. g3 Bg7 4. Bg2 O-O 5. d4 d6 6. Nc3 a6 7. O-O c6 8. e4 Bg4
9. h3 Bxf3 10. Bxf3 Nfd7 11. Be3 c5 12. d5 b5 13. Be2 bxc4 14. Bxc4 Nb6 15. Be2
N8d7 16. Rc1 Qc8 17. Kg2 Qb7 18. h4 Rfe8 19. Kg1 Ne5 20. b3 e6 21. Qd2 1/2-1/2

[Event "Mitropa Cup 30th"]
[Site "Merlimont"]
[Date "2011.10.12"]
[Round "5"]
[White "Halvax, Georg"]
[Black "Nuri, Kambez"]
[Result "0-1"]
[WhiteElo "2326"]
[BlackElo "2309"]
[PlyCount "98"]
[EventDate "2011.10.08"]
[EventType "team-tourn"]
[EventRounds "9"]
[EventCountry "FRA"]
[Source "ChessBase"]
[SourceDate "2011.10.28"]
[WhiteTeam "Austria"]
[BlackTeam "Switzerland"]
[WhiteTeamCountry "AUT"]
[BlackTeamCountry "SUI"]

1. e4 e5 2. Nf3 Nc6 3. Bb5 f5 4. d3 fxe4 5. dxe4 Nf6 6. Bg5 Bc5 7. O-O d6 8.
Nc3 O-O 9. Nd5 Kh8 10. Bc4 Bg4 11. Nxf6 gxf6 12. Bh6 Nd4 13. Bxf8 Nxf3+ 14. Kh1
Nxh2 15. Qd5 Qxf8 16. Kxh2 Qh6+ 17. Kg1 c6 18. Qd3 b5 19. Qg3 Qg5 20. Bb3 Rf8
21. c3 Be2 22. Qxg5 fxg5 23. Be6 g4 24. Kh2 Bxf2 25. Rxf2 Rxf2 26. Kg3 Rf4 27.
Bf5 Kg7 28. Re1 Bd3 29. Re3 Bf1 30. Re1 h5 31. Rd1 d5 32. Bd7 dxe4 33. Bxc6 Bd3
34. Re1 Kh6 35. Be8 Rf1 36. Rxf1 Bxf1 37. Kf2 Bd3 38. a4 a6 39. a5 h4 40. Bd7
Kg5 41. Ke3 h3 42. gxh3 g3 43. b4 Bf1 44. Bg4 g2 45. Kf2 e3+ 46. Kg1 e2 47.
Bxe2 Bxe2 48. Kxg2 Kf4 49. h4 Ke3 0-1

[Event "Mitropa Cup 30th"]
[Site "Merlimont"]
[Date "2011.10.12"]
[Round "5"]
[White "Kurmann, Oliver"]
[Black "Kreisl, Robert"]
[Result "1-0"]
[WhiteElo "2439"]
[BlackElo "2402"]
[PlyCount "111"]
[EventDate "2011.10.08"]
[EventType "team-tourn"]
[EventRounds "9"]
[EventCountry "FRA"]
[Source "ChessBase"]
[SourceDate "2011.10.28"]
[WhiteTeam "Switzerland"]
[BlackTeam "Austria"]
[WhiteTeamCountry "SUI"]
[BlackTeamCountry "AUT"]

1. e4 c6 2. d4 d5 3. Nc3 dxe4 4. Nxe4 Bf5 5. Ng3 Bg6 6. Nh3 e6 7. Nf4 Qh4 8.
Nge2 Bd6 9. g3 Qe7 10. Nxg6 hxg6 11. Bg2 Nd7 12. O-O Ngf6 13. c3 O-O 14. Qb3
Rab8 15. Bg5 Qd8 16. Rad1 Qa5 17. h4 Qb6 18. Qc2 a5 19. Bc1 Rfd8 20. Nf4 e5 21.
Nh3 exd4 22. cxd4 Nd5 23. Ng5 N7f6 24. a3 Re8 25. Bf3 Qc7 26. Kg2 Qd7 27. Be2
Re7 28. Bf3 Rbe8 29. Qd2 Qf5 30. Rfe1 b6 31. Rxe7 Rxe7 32. Re1 Rxe1 33. Qxe1
Qc2 34. Qd2 Qxd2 35. Bxd2 a4 36. Kf1 b5 37. Ke2 Nd7 38. Ba5 Kf8 39. Kd3 Ke7 40.
Ne4 Bb8 41. Nc3 N7f6 42. Ne2 Kd7 43. Ng1 Ne8 44. Nh3 Nd6 45. Bd2 Nc4 46. Bc1 f6
47. Be4 Ne7 48. Ng1 Bd6 49. Ne2 Bc7 50. Nc3 Bb6 51. Nxa4 f5 52. Bf3 Ne5+ 53.
dxe5 bxa4 54. Be3 Bxe3 55. Kxe3 Ke6 56. Kd4 1-0

[Event "Mitropa Cup 30th"]
[Site "Merlimont"]
[Date "2011.10.12"]
[Round "5"]
[White "Schiendorfer, Emanuel"]
[Black "Schachinger, Mario"]
[Result "1/2-1/2"]
[WhiteElo "2340"]
[BlackElo "2386"]
[PlyCount "102"]
[EventDate "2011.10.08"]
[EventType "team-tourn"]
[EventRounds "9"]
[EventCountry "FRA"]
[Source "ChessBase"]
[SourceDate "2011.10.28"]
[WhiteTeam "Switzerland"]
[BlackTeam "Austria"]
[WhiteTeamCountry "SUI"]
[BlackTeamCountry "AUT"]

1. d4 d5 2. c4 c6 3. Nc3 Nf6 4. Nf3 dxc4 5. a4 Bf5 6. Nh4 Bg4 7. h3 Bh5 8. g4
Bg6 9. Nxg6 hxg6 10. e3 e6 11. Bxc4 Bb4 12. Qf3 Qa5 13. Bd2 Nbd7 14. h4 Rf8 15.
g5 Nd5 16. e4 N5b6 17. Be2 e5 18. d5 cxd5 19. exd5 O-O-O 20. Bb5 Nc5 21. O-O
Nb3 22. Rad1 Nxd2 23. Rxd2 a6 24. Rc2 Kb8 25. Be2 Bxc3 26. bxc3 Nxd5 27. Rb1
Rd7 28. Rcb2 Qxc3 29. Rxb7+ Rxb7 30. Rxb7+ Kxb7 31. Qxd5+ Kc7 32. Bf3 Rd8 33.
Qb7+ Kd6 34. Qxf7 Qd3 35. Kg2 Rd7 36. Qf8+ Kc7 37. Qc5+ Kd8 38. Qa5+ Ke7 39.
Qxe5+ Kf8 40. a5 Qd6 41. Qe4 Rd8 42. Qc4 Rb8 43. Bb7 Rd8 44. Bxa6 Qd5+ 45. Qxd5
Rxd5 46. f3 Ke7 47. Kg3 Rxa5 48. Bd3 Kf7 49. Bc4+ Ke7 50. Bd3 Kf7 51. Bc4+ Ke7
1/2-1/2

[Event "Mitropa Cup 30th"]
[Site "Merlimont"]
[Date "2011.10.12"]
[Round "5"]
[White "Bures, Jaroslav"]
[Black "Petenyi, Tamas"]
[Result "1/2-1/2"]
[WhiteElo "2415"]
[BlackElo "2347"]
[PlyCount "45"]
[EventDate "2011.10.08"]
[EventType "team-tourn"]
[EventRounds "9"]
[EventCountry "FRA"]
[Source "ChessBase"]
[SourceDate "2011.10.28"]
[WhiteTeam "Czech Republic"]
[BlackTeam "Slovakia"]
[WhiteTeamCountry "CZE"]
[BlackTeamCountry "SVK"]

1. e4 c5 2. Nf3 Nc6 3. d4 cxd4 4. Nxd4 Qb6 5. Nb3 Nf6 6. Nc3 e6 7. Be2 Bb4 8.
O-O Bxc3 9. bxc3 Nxe4 10. c4 Nc3 11. Qd3 Nxe2+ 12. Qxe2 O-O 13. Ba3 Rd8 14.
Rad1 d5 15. cxd5 exd5 16. Rxd5 Be6 17. Rg5 h6 18. Rg3 Nd4 19. Nxd4 Qxd4 20. c3
Qc4 21. Qe3 Re8 22. Rc1 Bg4 23. Qc5 1/2-1/2

[Event "Mitropa Cup 30th"]
[Site "Merlimont"]
[Date "2011.10.12"]
[Round "5"]
[White "Kanovsky, David"]
[Black "Pacher, Milan"]
[Result "1/2-1/2"]
[WhiteElo "2462"]
[BlackElo "2403"]
[PlyCount "59"]
[EventDate "2011.10.08"]
[EventType "team-tourn"]
[EventRounds "9"]
[EventCountry "FRA"]
[Source "ChessBase"]
[SourceDate "2011.10.28"]
[WhiteTeam "Czech Republic"]
[BlackTeam "Slovakia"]
[WhiteTeamCountry "CZE"]
[BlackTeamCountry "SVK"]

1. e4 e5 2. Nf3 Nc6 3. Bb5 Nf6 4. d3 d6 5. c3 g6 6. h3 Bg7 7. O-O O-O 8. Re1
Bd7 9. Ba4 Rb8 10. Bc2 b5 11. Bg5 h6 12. Be3 a5 13. Nbd2 Re8 14. d4 exd4 15.
cxd4 Nb4 16. Bb1 Bc6 17. a3 Na6 18. d5 Ba8 19. Nd4 Qd7 20. Bd3 Nc5 21. Qc2 Nxd3
22. Qxd3 c6 23. dxc6 Bxc6 24. Nxc6 Qxc6 25. Rac1 Qb7 26. Bd4 a4 27. f3 d5 28.
e5 Nh5 29. b4 Nf4 30. Qe3 1/2-1/2

[Event "Mitropa Cup 30th"]
[Site "Merlimont"]
[Date "2011.10.12"]
[Round "5"]
[White "Mazur, Stefan"]
[Black "Krejci, Jan1"]
[Result "0-1"]
[WhiteElo "2372"]
[BlackElo "2489"]
[PlyCount "117"]
[EventDate "2011.10.08"]
[EventType "team-tourn"]
[EventRounds "9"]
[EventCountry "FRA"]
[Source "ChessBase"]
[SourceDate "2011.10.28"]
[WhiteTeam "Slovakia"]
[BlackTeam "Czech Republic"]
[WhiteTeamCountry "SVK"]
[BlackTeamCountry "CZE"]

1. e4 c5 2. Nf3 e6 3. c4 Nc6 4. Nc3 Nge7 5. Be2 Nd4 6. O-O Nec6 7. d3 Be7 8. a3
O-O 9. Rb1 a6 10. Be3 Rb8 11. Bf4 d6 12. b4 Bf6 13. Qd2 Nxe2+ 14. Nxe2 cxb4 15.
axb4 b5 16. cxb5 Rxb5 17. Rfc1 Bb7 18. Nc3 Rxb4 19. Rxb4 Nxb4 20. Rb1 Bxc3 21.
Qxc3 a5 22. Nd2 d5 23. Nb3 dxe4 24. Nxa5 Nd5 25. Qe1 Nxf4 26. Nxb7 Qxd3 27. Nc5
Ne2+ 28. Kh1 Qc2 29. Nd7 Rc8 30. Rd1 f5 31. Rd2 Qxd2 32. Qxd2 Rc1+ 33. Qxc1
Nxc1 34. Kg1 Kf7 35. h4 Nd3 36. g3 Ke7 37. Nb6 Kd6 38. Kf1 h6 39. Ke2 g5 40.
hxg5 hxg5 41. Ke3 Nb4 42. Nc4+ Kd5 43. Nb6+ Ke5 44. Nc4+ Kf6 45. Na3 e5 46. Nc4
Ke6 47. Ke2 Nd5 48. Nd2 Nc3+ 49. Ke1 Kd5 50. Nf1 f4 51. Nh2 Kd4 52. Ng4 Nd5 53.
Nh6 e3 54. Nf7 g4 55. Nh6 f3 56. Nxg4 e2 57. Kd2 e4 58. Ne3 Ke5 59. Nc2 0-1